| 000 | 00877cam a2200229 4500 | ||
|---|---|---|---|
| 001 | ##L131068 | ||
| 002 | ##9007 | ||
| 008 | 050923n2005 000 0 eng u | ||
| 020 | _a056608645X | ||
| 035 | _a(Sirsi) u131068 | ||
| 041 | 0 | _aeng | |
| 050 | 0 | 4 |
_a336.39 $2 18 _a338.730941 $2 22 _a361.250941 $2 22 |
| 100 | 1 | _aGeddes, Michael | |
| 245 | 0 | 0 |
_aMaking public private partnerships work _bbuilding relationships and understanding cultures |
| 260 | 3 |
_aAldershot _bGower _c2005 |
|
| 300 |
_aix, 137p. _c16cm. |
||
| 350 | _a45 | ||
| 520 | _aA guide to the processs behind multi sector partnerships including managing the partnership initially, the organizational structure, how to resource and staff the partnership and how to manage and communicate the performance of any partnership. | ||
| 590 | _aIKA061205 | ||
| 690 | _aMANAGEMENT-BUSINESS MANAGEMENT | ||
| 942 | _n0 | ||
| 999 |
_c104625 _d104625 |
||